Sports Quiz

Random Sports or Baseball Quiz

Opening Day Lineups: Padres Quiz Stats

 Plays Quiz Updated Apr 4, 2019

Score 0/261 Timer 17:00
4 Plays Today
Year Player % Correct
1991Tony Gwynn
91.6%
1995Tony Gwynn
91.6%
1996Tony Gwynn
91.6%
1998Tony Gwynn
91.6%
1999Tony Gwynn
91.6%
2000Tony Gwynn
91.6%
1992Tony Gwynn
91.6%
1993Tony Gwynn
91.6%
1994Tony Gwynn
91.6%
1997Tony Gwynn
91.6%
2001Tony Gwynn
91.6%
2002Wiki Gonzalez
86.6%
2001Wiki Gonzalez
86.6%
2009Jake Peavy
84.1%
2019Manny Machado
78%
2009Brian Giles
77.3%
2010Tony Gwynn Jr.
72.2%
2016Wil Myers
71.5%
2017Wil Myers
70.9%
2015Wil Myers
70%
2006Adrian Gonzalez
69.9%
1995Ken Caminiti
69.6%
1996Ken Caminiti
69.6%
1997Ken Caminiti
69.6%
1998Ken Caminiti
69.6%
2007Jake Peavy
69.5%
2006Jake Peavy
69.4%
2018Wil Myers
68.1%
2019Wil Myers
68.1%
2015Matt Kemp
67.6%
2006Mike Piazza
67.3%
2012Chase Headley
67.1%
2011Chase Headley
67.1%
2019Eric Hosmer
66.6%
2014Chase Headley
65.9%
2016Matt Kemp
65.6%
2007Mike Cameron
65.6%
2015Justin Upton
64.7%
2008Kevin Kouzmanoff
64.7%
2009Adrian Gonzalez
63.5%
2007Marcus Giles
62.7%
2018Eric Hosmer
62.4%
2019Fernando Tatis Jr.
62.3%
2010David Eckstein
61.9%
2009Luis Rodriguez
61.5%
2008Adrian Gonzalez
60.3%
2018Chase Headley
60%
1998Kevin Brown
58.3%
2004Ramon Hernandez
57.7%
2006Eric Young
56.4%
2000Ryan Klesko
56.3%
2001Ryan Klesko
56.3%
2013Everth Cabrera
56.2%
2007Jose Cruz
56%
2006Dave Roberts
56%
2004Phil Nevin
55.9%
2005Phil Nevin
55.9%
2014Everth Cabrera
55.4%
2004Brian Giles
55.2%
2005Brian Giles
55.2%
2010Adrian Gonzalez
55%
2005Ryan Klesko
54.4%
1998Carlos Hernandez
54.1%
2000Carlos Hernandez
54.1%
2001Woody Williams
53.5%
1995Eddie Williams
53.4%
2016Alexei Ramirez
53.4%
1991Benito Santiago
53.3%
1992Benito Santiago
53.3%
2007Adrian Gonzalez
53.1%
2005Woody Williams
53.1%
2019Manuel Margot
52.7%
2000Phil Nevin
52.6%
2001Phil Nevin
52.6%
2002Phil Nevin
52.6%
2006Josh Barfield
52.4%
1992Fred McGriff
52.3%
1993Fred McGriff
52.3%
1991Fred McGriff
52.3%
2005Mark Loretta
52.1%
2004Mark Loretta
52.1%
1991Bip Roberts
52%
1994Bip Roberts
52%
1995Bip Roberts
52%
2007Khalil Greene
52%
2007Brian Giles
51.9%
1997Greg Vaughn
51.8%
Year Player % Correct
1998Greg Vaughn
51.8%
2012Nick Hundley
50.9%
2011Nick Hundley
50.9%
2013Nick Hundley
50.6%
2019Austin Hedges
50.6%
2015Derek Norris
50.1%
2018Manuel Margot
49.9%
2019Franmil Reyes
49.7%
2015James Shields
49.7%
2000Damian Jackson
49.7%
2001Damian Jackson
49.7%
2006Brian Giles
49.7%
1992Darrin Jackson
49.7%
2010Chase Headley
49%
2016Derek Norris
48.9%
2008Jake Peavy
48.6%
2014Yonder Alonso
48.1%
2015Yonder Alonso
47.9%
2013Yonder Alonso
47.8%
2009David Eckstein
47.6%
1992Gary Sheffield
47.3%
1993Gary Sheffield
47.3%
2017Manuel Margot
47.2%
2012Yonder Alonso
47.1%
2003Rondell White
47.1%
1995Steve Finley
46.9%
1996Steve Finley
46.9%
1997Steve Finley
46.9%
1998Steve Finley
46.9%
2012Cameron Maybin
46%
2011Cameron Maybin
46%
2018Austin Hedges
45.9%
2016Tyson Ross
45.9%
2005Khalil Greene
45.7%
2019Ian Kinsler
45.7%
2013Cameron Maybin
45.7%
2015Jedd Gyorko
45.6%
2014Jedd Gyorko
45.6%
2008Paul McAnulty
45.2%
2014Will Venable
44.7%
2011Will Venable
44.6%
2013Jedd Gyorko
44.5%
2010Everth Cabrera
44.2%
2016Yangervis Solarte
44%
2017Austin Hedges
43.4%
2010Nick Hundley
43.1%
1991Tony Fernandez
42.9%
1992Tony Fernandez
42.9%
2017Yangervis Solarte
42.6%
2018Clayton Richard
42.5%
2017Hunter Renfroe
42.3%
2009Chase Headley
42%
2009Kevin Kouzmanoff
41.9%
2005Sean Burroughs
41.8%
2008Khalil Greene
41.7%
2003Ryan Klesko
41%
2006Khalil Greene
40.8%
2010Will Venable
40.8%
2005Ramon Hernandez
40.7%
2004Khalil Greene
40.4%
2000Al Martin
40.4%
2013Carlos Quentin
40%
2008Brian Giles
39.8%
1993Derek Bell
39.8%
1994Derek Bell
39.8%
2007Josh Bard
39.6%
2004Brian Lawrence
39.5%
2014Andrew Cashner
39.5%
2012Orlando Hudson
39.2%
2011Orlando Hudson
39.2%
2008Scott Hairston
39.1%
1996Wally Joyner
38.8%
1997Wally Joyner
38.8%
1998Wally Joyner
38.8%
1999Wally Joyner
38.8%
2004Ryan Klesko
38.4%
1996Rickey Henderson
38.2%
2014Rene Rivera
38%
1991Jerald Clark
37%
1992Jerald Clark
37%
1997Quilvio Veras
36.6%
1998Quilvio Veras
36.6%
1999Quilvio Veras
36.6%
2015Will Middlebrooks
35.9%
1993Andy Benes
35.8%
1994Andy Benes
35.8%
1995Andy Benes
35.8%
Year Player % Correct
2016Melvin Upton Jr
35.5%
2018Freddy Galvis
35.5%
2010Kyle Blanks
35.3%
1997Chris Gomez
34.9%
1998Chris Gomez
34.9%
1999Chris Gomez
34.9%
2001Chris Gomez
34.9%
2009Jody Gerut
34.8%
2017Travis Jankowski
34.6%
1999Reggie Sanders
34.3%
1996Andy Ashby
33.5%
1999Andy Ashby
33.5%
2016Cory Spangenberg
33.4%
2004Jay Payton
33.3%
2012Edinson Volquez
33.3%
2013Edinson Volquez
33.1%
2003Mark Kotsay
33%
2016Jon Jay
32.9%
2004Sean Burroughs
32.7%
2003Mark Loretta
32.6%
1999Greg Myers
32.3%
2019Eric Lauer
32.1%
2013Chris Denorfia
32%
2012Chris Denorfia
31.6%
2014Chris Denorfia
31.5%
2017Erick Aybar
31.5%
2007Kevin Kouzmanoff
30.1%
2017Jhoulys Chacin
30%
2000Bret Boone
29.9%
1994Brad Ausmus
29.8%
1995Brad Ausmus
29.8%
1996Brad Ausmus
29.8%
2008Tadahito Iguchi
28.9%
2005Xavier Nady
28.2%
2003Xavier Nady
28.2%
2009Henry Blanco
27.6%
2001Mark Kotsay
27.4%
2002Mark Kotsay
27.4%
2017Ryan Schimpf
27.4%
2012Jason Bartlett
27.1%
2011Jason Bartlett
27.1%
2015Clint Barmes
26.8%
2018Jose Pirela
26.7%
2003Brian Lawrence
26.4%
1993Phil Plantier
26.3%
1994Phil Plantier
26.3%
1997Joey Hamilton
26%
2011Ryan Ludwick
26%
2002Deivi Cruz
25.4%
2018Carlos Asuaje
24.5%
1999Ruben Rivera
24.2%
2000Ruben Rivera
24.2%
2006Vinny Castilla
24%
2003Sean Burroughs
23.8%
2000Sterling Hitchcock
23.7%
2012Jesus Guzman
23.1%
2002Ron Gant
23.1%
1995Andujar Cedeno
22.2%
1996Andujar Cedeno
22.2%
2011Brad Hawpe
21.5%
1995Jody Reed
21.5%
1996Jody Reed
21.5%
2011Tim Stauffer
19.5%
1994Ricky Gutierrez
19.5%
2002D'Angelo Jimenez
19.1%
2003Ramon Vazquez
18.6%
1991Ed Whitson
18.4%
1992Bruce Hurst
18.4%
2008Josh Bard
18%
2014Tommy Medica
17.8%
2013Cody Ransom
16.7%
2002Ramon Vazquez
16.2%
1997John Flaherty
15.6%
1994Archi Cianfrocco
14.6%
2002Bubba Trammell
14.2%
1991Shawn Abner
13.5%
1993Craig Shipley
13.4%
2003Gary Bennett
13%
1999George Arias
12.6%
2001Mike Darr
12.3%
2010Jon Garland
12.1%
1992Kurt Stillwell
12.1%
2002Kevin Jarvis
12%
1991Jim Presley
11.5%
1993Jeff Gardner
11.4%
1993Dan Walters
10.6%
1994Dave Staton
9.9%

You're not logged in!

Compare scores with friends on all Sporcle quizzes.
OR
Log In

Sporcle TV

Today on Sporcle TV


Watch our educational content, quiz creation guides, and fun videos on Sporcle TV.

Show Comments

Extras

Top Quizzes Today


Score Distribution

Your Account Isn't Verified!

In order to create a playlist on Sporcle, you need to verify the email address you used during registration. Go to your Sporcle Settings to finish the process.

Report this User

Report this user for behavior that violates our Community Guidelines.

Details: